000
00200 a2200097 4500
001
45257
100
_a
Welbourne
245
_a
Flights engines
260
_a
London
_b
Blackie
_c
090
_c
28446
_d
28446
942
_a
NUST-CAE
_c
M
_c
20498
999
_c
280330
_d
280330